000 nam a22 7a 4500
999 _c336433
_d336433
003 IT-MiCISF
005 20170208164340.0
008 170208b xxu||||| |||| 00| 0 eng d
040 _aIT-MiCISF
_cIT-MiCISF
041 _ait
100 _aIeracitano Francesca
_956187
210 _aCronache e opinioni
245 _aLa relazione uomo-donna nella stagione delle community virtuali
260 _c2015
300 _app. 2-3
310 _amensile
362 _an. 5, maggio
500 _arapporti-uomo-donna, nuovi-media
650 _amassmedia
_956060
654 _aarticolo
942 _2ddc
_cCR